| 000 | 00796cam a22002298i 4500 | ||
|---|---|---|---|
| 999 |
_c57881 _d57881 |
||
| 001 | 20657607 | ||
| 005 | 20221108133505.0 | ||
| 008 | 180905s2019 nyu b 001 0 eng | ||
| 020 | _a9781138642607x | ||
| 041 | _aeng | ||
| 080 | _a745+372.87 S-99 | ||
| 100 | 1 |
_aSzekely, George E. _910699 |
|
| 245 | 1 | 0 |
_aArt rooms as centers for design education : _bcreativity and innovation in K-12 classrooms / _cGeorge Szekely. |
| 264 | 1 |
_aNew York : _bRoutledge, _c2019. |
|
| 300 |
_a174 pages : _bill., _c23 cm. |
||
| 504 | _abibliographical p. 160-163 | ||
| 653 | _aდიზაინი | ||
| 653 | _aხელოვნება | ||
| 653 | _aსაკლასო გარემოს დიზაინი | ||
| 653 | _aსწავლა და სწავლება | ||
| 942 |
_2udc _cBK |
||